00422 2200169 4500245005000000020002200050250001100072100001300083700001500096650002200111005001900133260004000152041001400192084001100206300002600217336000900243 aSama Diri Sendiri, Kok Jahat?cKopioppihText a978-623-5269-53-5 aCet. 1 aKopioppi aEsti Utami aPengembangan Diri a20241011094845 aJakartabSyalmahat Publishingc2024 aIndonesia a155.25 avi, 148 hlm. :cilus. atext